Normale Ansicht
MARC-Ansicht
Eintrag Personenname
001 - Kontrollnummer
- Kontrollfeld: 8338
003 - Kontrollnummer Identifier
- Kontrollfeld: RU-10907106
005 - Datum und Zeit der letzten Transaktion
- Kontrollfeld: 20220718173005.0
008 - Datenelemente mit fester Länge
- Kontrollfeld mit fester Länge: 220718|| aca||aabn | a|a d
040 ## - Katalogisierungsquelle
- Original-Katalogisierungsstelle: RU-10907106
- Übertragungsstelle: RU-10907106
100 ## - Ansetzung - Personenname
- Personenname: Akimova, T.I
670 ## - Datenquelle
- Quellenangabe: Work cat.: (RU-10907106)60417: Katharina II. Russland, Zarin 1729-1796 Verfasser (DE-588)118560565 aut 6786, Memuary Tom 2 Dopolnenija